Statistics for Countries of the World Shape Chain Game #5

Click here to take the quiz!

General Stats

  • This quiz has been taken 189 times
  • The average score is 8 of 12

Answer Stats

Country% Correct
United Kingdom
100%
Turkey
95%
Mexico
94%
Morocco
94%
Philippines
94%
Bangladesh
87%
Uruguay
53%
Czech Republic
50%
Spain
38%
Uganda
38%
Côte d'Ivoire
37%
Bahamas
36%

Score Distribution

Percentile by Number Answered

Percent of People with Each Score

Your Score History

You have not taken this quiz